000 00920nmm a2200277 a 4500
001 ocm0001411834
003 TR-IsHL
005 20201028163652.0
008 160220s2015 tu tur
007 cr cn
020 _a9786055563332
035 _a1411834
_b(N$T)
050 0 4 _aDR571
_b.A93 2015
090 0 4 _aDR571
_b.A93 2015
100 1 _aAydın, Mehmet
245 1 0 _aDahi hükümdar sultan II. Abdülhamid Han
_h[electronic resource] /
_cMehmet Aydın
260 _aİstanbul :
_bÇınaraltı,
_c2015
300 _a273 p.
500 _aKaynakça var.
_x
650 4 _aTarih
650 4 _aHistory
650 0 _aAbdülhamid II, Osmanlı padişahı, 1842-1918
650 0 _aAbdülhamid II, Sultan of the Turks, 1842-1918
650 7 _aHISTORY / Middle East / Turkey & Ottoman Empire
_2bisacsh
856 4 0 _uhttp://search.ebscohost.com/login.aspx?direct=true&scope=site&db=e011xww&AN=1411834
999 _c15411
_d15411